<?xml version="1.0" encoding="UTF-8"?>
<record
    xmlns:xsi="http://www.w3.org/2001/XMLSchema-instance"
    xsi:schemaLocation="http://www.loc.gov/MARC21/slim http://www.loc.gov/standards/marcxml/schema/MARC21slim.xsd"
    xmlns="http://www.loc.gov/MARC21/slim">

  <leader>01901    a2200229   4500</leader>
  <controlfield tag="003">Nust</controlfield>
  <controlfield tag="005">20170207154017.0</controlfield>
  <datafield tag="020" ind1=" " ind2=" ">
    <subfield code="a">0-471-22131-7</subfield>
  </datafield>
  <datafield tag="020" ind1=" " ind2=" ">
    <subfield code="a">978-0-471-22131-9</subfield>
  </datafield>
  <datafield tag="040" ind1=" " ind2=" ">
    <subfield code="c">Nust</subfield>
  </datafield>
  <datafield tag="082" ind1="1" ind2=" ">
    <subfield code="a">519.5354</subfield>
  </datafield>
  <datafield tag="100" ind1="1" ind2=" ">
    <subfield code="a">Hyv&#x4CA9;nen, Aapo</subfield>
  </datafield>
  <datafield tag="245" ind1="0" ind2="0">
    <subfield code="a">Independent component analysis-(E-BOOK)</subfield>
    <subfield code="h">[Elektronisk resurs]</subfield>
    <subfield code="c">Aapo Hyv&#x4CA9;nen, Juha Karhunen, Erkki Oja</subfield>
  </datafield>
  <datafield tag="260" ind1=" " ind2=" ">
    <subfield code="a">New York :</subfield>
    <subfield code="b">Wiley,</subfield>
    <subfield code="c">2002</subfield>
  </datafield>
  <datafield tag="300" ind1=" " ind2=" ">
    <subfield code="a">PDF-fil (xxi, 481 s.)</subfield>
  </datafield>
  <datafield tag="440" ind1=" " ind2="0">
    <subfield code="a">Adaptive and learning systems for signal processing, communications and control,</subfield>
  </datafield>
  <datafield tag="505" ind1=" " ind2=" ">
    <subfield code="a"> Introduction (Page-1) Part I MATHEMATICAL PRELIMINARIES, 2 Random Vectors and Independence (Page-15) 3 Gradients and Optimization Methods (Page-57) 4 Estimation Theory (Page-77) 5 Information Theory (page-105) 6 Principal Component Analysis and Whitening (page-125), Part II BASIC INDEPENDENT COMPONENT ANALYSIS, 7 What is Independent Component Analysis? (Page-147) 8 ICA by Maximization of Nongaussianity (page-165) 9 ICA by Maximum Likelihood Estimation (page-203) 10 ICA by Minimization of Mutual Information (pag-221) 11 ICA by Tensorial Methods (page-229) 12 ICA by Nonlinear Decorrelation and Nonlinear PCA (page-239) 13 Practical Considerations (page-263) 14 Overview and Comparison of Basic ICA Methods(Page-273) Part III EXTENSIONS AND RELATED METHODS, 15 Noisy ICA (page-293) 16 ICA with Overcomplete Bases (Page-305) 17 Nonlinear ICA (page-315) 18 Methods using Time Structure (page-341) 19 Convolutive Mixtures and Blind Deconvolution (page-355) 20 Other Extensions (page-371) Part IV APPLICATIONS OF ICA, 21 Feature Extraction by ICA (page-391) 22 Brain Imaging Applications (page-407) 23 Telecommunications (page-417) 24 Other Applications (Page-441) </subfield>
  </datafield>
  <datafield tag="650" ind1=" " ind2="7">
    <subfield code="a">Principal components analysis</subfield>
  </datafield>
  <datafield tag="700" ind1="1" ind2=" ">
    <subfield code="a">Karhunen, Juha</subfield>
  </datafield>
  <datafield tag="700" ind1="1" ind2=" ">
    <subfield code="a">Oja, Erkki</subfield>
  </datafield>
  <datafield tag="856" ind1="4" ind2="0">
    <subfield code="u">http://www3.interscience.wiley.com/cgi-bin/booktoc?ID=93520448</subfield>
  </datafield>
  <datafield tag="942" ind1=" " ind2=" ">
    <subfield code="2">ddc</subfield>
    <subfield code="c">BK</subfield>
  </datafield>
  <datafield tag="999" ind1=" " ind2=" ">
    <subfield code="c">191468</subfield>
    <subfield code="d">191468</subfield>
  </datafield>
  <datafield tag="952" ind1=" " ind2=" ">
    <subfield code="0">0</subfield>
    <subfield code="1">0</subfield>
    <subfield code="2">ddc</subfield>
    <subfield code="4">0</subfield>
    <subfield code="7">0</subfield>
    <subfield code="8">NFIC</subfield>
    <subfield code="a">MCS</subfield>
    <subfield code="b">MCS</subfield>
    <subfield code="d">2016-12-12</subfield>
    <subfield code="l">0</subfield>
    <subfield code="o">519.5354   HYV</subfield>
    <subfield code="p">MCSEB-741</subfield>
    <subfield code="r">2016-12-08</subfield>
    <subfield code="w">2016-12-12</subfield>
    <subfield code="y">BK</subfield>
  </datafield>
</record>
